Système Solaire - Les Satellites - Statistiques

Statistiques générales
  • Ce quiz a été pris 55 fois
  • Le résultat moyen est 7 sur 10
Statistiques - réponses
Par images Réponse % Correct
Lune
98%
Europe
84%
Io
82%
Phobos
80%
Titan
80%
Ganymède
70%
Déimos
64%
Callisto
59%
Encelade
52%
Mimas
34%
Aucun quiz correspondant
Distribution des résultats
% des personnes avec chaque résultat
Percentile par nombre de réponses
Votre historique - résultats
Vous n’avez pas pris ce quiz